Science and our age (Record no. 27703)
[ view plain ]
| 000 -LEADER | |
|---|---|
| fixed length control field | 00252nam a2200109Ia 4500 |
| 082 ## - DEWEY DECIMAL CLASSIFICATION NUMBER | |
| Classification number | 001 |
| Item number | SIN |
| 100 ## - MAIN ENTRY--AUTHOR NAME | |
| Personal name | Singh, H K |
| 245 #0 - TITLE STATEMENT | |
| Title | Science and our age |
| 260 ## - PUBLICATION, DISTRIBUTION, ETC. (IMPRINT) | |
| Place of publication | Bombay |
| Name of publisher | Allied |
| Year of publication | 1978 |
| 942 ## - ADDED ENTRY ELEMENTS (KOHA) | |
| Koha item type | Books |
| Withdrawn status | Lost status | Damaged status | Not for loan | Home library | Current library | Date acquired | Cost, normal purchase price | Full call number | Accession Number | Koha item type |
|---|---|---|---|---|---|---|---|---|---|---|
| RRII Library | RRII Library | 16/12/2021 | 30.00 | 001 SIN | 08321 | Books |